Statistiques concernant Pays se terminant par O

Cliquez ici pour prendre le quiz!

Statistiques générales

  • Ce quiz a été pris 240 fois
  • Le résultat moyen est 6 sur 9

Statistiques - réponses

pays% Correct
Togo
82%
Congo
73%
Kosovo
73%
Rép dém Congo
73%
Lesotho
72%
Monaco
61%
Monténégro
56%
Burkina Faso
45%
Trinité-et-Tobago
37%

Distribution des résultats

Percentile par nombre de réponses

% des personnes avec chaque résultat

Votre développement - résultats

Vous n’avez pas pris ce quiz